<?xml version="1.0" encoding="UTF-8"?>
<record
    xmlns:xsi="http://www.w3.org/2001/XMLSchema-instance"
    xsi:schemaLocation="http://www.loc.gov/MARC21/slim http://www.loc.gov/standards/marcxml/schema/MARC21slim.xsd"
    xmlns="http://www.loc.gov/MARC21/slim">

  <leader>02338nam a22004452u 4500</leader>
  <controlfield tag="001">9912</controlfield>
  <controlfield tag="003">BD-RjUL</controlfield>
  <controlfield tag="005">20211208234849.0</controlfield>
  <controlfield tag="008">140122s1994    u   ||| b     ||| | eng d</controlfield>
  <datafield tag="035" ind1=" " ind2=" ">
    <subfield code="a">(BD-RjUL)9958</subfield>
  </datafield>
  <datafield tag="040" ind1=" " ind2=" ">
    <subfield code="a">ericd</subfield>
    <subfield code="b">eng</subfield>
    <subfield code="c">ericd</subfield>
    <subfield code="d">MvI</subfield>
  </datafield>
  <datafield tag="041" ind1=" " ind2=" ">
    <subfield code="a">eng</subfield>
  </datafield>
  <datafield tag="082" ind1="0" ind2="4">
    <subfield code="2">19</subfield>
    <subfield code="a">410</subfield>
    <subfield code="b">LIG 1994</subfield>
  </datafield>
  <datafield tag="091" ind1=" " ind2=" ">
    <subfield code="a">mfm</subfield>
  </datafield>
  <datafield tag="110" ind1="2" ind2=" ">
    <subfield code="a">United States Information Agency, Washington, DC. English Language Programs Div.</subfield>
    <subfield code="9">30645</subfield>
  </datafield>
  <datafield tag="245" ind1="1" ind2="4">
    <subfield code="a">The Lighter Side of TEFL :</subfield>
    <subfield code="b">A Teacher's Resource Book of Fun Activities for Students of English as a Foreign Language /</subfield>
    <subfield code="c">Thomas Kral, Ed.</subfield>
  </datafield>
  <datafield tag="260" ind1=" " ind2=" ">
    <subfield code="a">[Washington D.C.] :</subfield>
    <subfield code="b">Distributed by ERIC Clearinghouse,</subfield>
    <subfield code="c">1994.</subfield>
  </datafield>
  <datafield tag="300" ind1=" " ind2=" ">
    <subfield code="a">143 p. ;</subfield>
    <subfield code="c">27 cm.</subfield>
  </datafield>
  <datafield tag="520" ind1=" " ind2=" ">
    <subfield code="a">The guide provides teachers of English as a Foreign Language (TEFL) with classroom instructional activities that reinforce vocabulary or teach specific language skills (listening, speaking, reading, writing) while demonstrating that communicating in English can be fun. The activities are brief and self-contained, and an audiotape cassette (not included) is designed for use with the last four sections of the book. Each section focuses on a different type of activity: word games; crossword puzzles; idioms; limericks; jokes and riddles; puzzle stories; shaggy dog stories; and folk wisdom. An answer key is also included. (MSE)</subfield>
  </datafield>
  <datafield tag="650" ind1="1" ind2="7">
    <subfield code="a">Class Activities.</subfield>
    <subfield code="2">ericd</subfield>
    <subfield code="9">30630</subfield>
  </datafield>
  <datafield tag="650" ind1="1" ind2="7">
    <subfield code="a">English (Second Language)</subfield>
    <subfield code="2">ericd</subfield>
    <subfield code="9">30631</subfield>
  </datafield>
  <datafield tag="650" ind1="1" ind2="7">
    <subfield code="a">Figurative Language.</subfield>
    <subfield code="2">ericd</subfield>
    <subfield code="9">30632</subfield>
  </datafield>
  <datafield tag="650" ind1="1" ind2="7">
    <subfield code="a">Folk Culture.</subfield>
    <subfield code="2">ericd</subfield>
    <subfield code="9">30633</subfield>
  </datafield>
  <datafield tag="650" ind1="1" ind2="7">
    <subfield code="a">Games.</subfield>
    <subfield code="2">ericd</subfield>
    <subfield code="9">30634</subfield>
  </datafield>
  <datafield tag="650" ind1="1" ind2="7">
    <subfield code="a">Humor.</subfield>
    <subfield code="2">ericd</subfield>
    <subfield code="9">22732</subfield>
  </datafield>
  <datafield tag="650" ind1="0" ind2="7">
    <subfield code="a">Idioms.</subfield>
    <subfield code="2">ericd</subfield>
    <subfield code="9">30635</subfield>
  </datafield>
  <datafield tag="650" ind1="0" ind2="7">
    <subfield code="a">Instructional Materials.</subfield>
    <subfield code="2">ericd</subfield>
    <subfield code="9">30636</subfield>
  </datafield>
  <datafield tag="650" ind1="0" ind2="7">
    <subfield code="a">Language Skills.</subfield>
    <subfield code="2">ericd</subfield>
    <subfield code="9">30637</subfield>
  </datafield>
  <datafield tag="650" ind1="0" ind2="7">
    <subfield code="a">Poetry.</subfield>
    <subfield code="2">ericd</subfield>
    <subfield code="9">30638</subfield>
  </datafield>
  <datafield tag="650" ind1="0" ind2="7">
    <subfield code="a">Puzzles.</subfield>
    <subfield code="2">ericd</subfield>
    <subfield code="9">30639</subfield>
  </datafield>
  <datafield tag="650" ind1="0" ind2="7">
    <subfield code="a">Second Language Instruction.</subfield>
    <subfield code="2">ericd</subfield>
    <subfield code="9">30640</subfield>
  </datafield>
  <datafield tag="650" ind1="0" ind2="7">
    <subfield code="a">Short Stories.</subfield>
    <subfield code="2">ericd</subfield>
    <subfield code="9">9866</subfield>
  </datafield>
  <datafield tag="650" ind1="0" ind2="7">
    <subfield code="a">Skill Development.</subfield>
    <subfield code="2">ericd</subfield>
    <subfield code="9">30641</subfield>
  </datafield>
  <datafield tag="653" ind1="0" ind2=" ">
    <subfield code="a">Jokes</subfield>
    <subfield code="a">Limericks</subfield>
    <subfield code="a">Riddles</subfield>
  </datafield>
  <datafield tag="655" ind1=" " ind2="7">
    <subfield code="a">Guides, Classroom</subfield>
    <subfield code="x">Teacher.</subfield>
    <subfield code="2">ericd</subfield>
    <subfield code="9">30642</subfield>
  </datafield>
  <datafield tag="700" ind1="1" ind2=" ">
    <subfield code="a">Kral, Thomas,</subfield>
    <subfield code="e">editor.</subfield>
    <subfield code="9">30643</subfield>
  </datafield>
  <datafield tag="710" ind1="2" ind2=" ">
    <subfield code="a">United States Information Agency, Washington, DC. English Language Programs Div.</subfield>
    <subfield code="9">30644</subfield>
  </datafield>
  <datafield tag="856" ind1="4" ind2="1">
    <subfield code="u">http://www.eric.ed.gov/contentdelivery/servlet/ERICServlet?accno=ED419399</subfield>
  </datafield>
  <datafield tag="942" ind1=" " ind2=" ">
    <subfield code="2">ddc</subfield>
    <subfield code="c">BK</subfield>
  </datafield>
  <datafield tag="999" ind1=" " ind2=" ">
    <subfield code="c">9912</subfield>
    <subfield code="d">9912</subfield>
  </datafield>
  <datafield tag="952" ind1=" " ind2=" ">
    <subfield code="0">0</subfield>
    <subfield code="1">0</subfield>
    <subfield code="2">ddc</subfield>
    <subfield code="4">0</subfield>
    <subfield code="7">1</subfield>
    <subfield code="a">RUCL</subfield>
    <subfield code="b">RUCL</subfield>
    <subfield code="c">Reading</subfield>
    <subfield code="d">1996-11-30</subfield>
    <subfield code="e">U.S. Govt.</subfield>
    <subfield code="g">0.00</subfield>
    <subfield code="l">0</subfield>
    <subfield code="o">410 LIG 1994</subfield>
    <subfield code="r">2014-01-22 00:00:00</subfield>
    <subfield code="t">C-1</subfield>
    <subfield code="w">2014-01-22</subfield>
    <subfield code="y">BK</subfield>
  </datafield>
</record>
